000 01004nam a22002057a 4500
999 _c22338
_d22338
003 AR-CdUCM
008 190429b ||||| |||| 00| 0 spa d
040 _aMUNICIPALIDAD PROVINCIAL DEL CUSCO
_cBIBLIOTECA MUNICIPAL DEL CUSCO
082 _aRiqchari/N°1/2006
245 _aRiqchari /
260 _aCusco :
_bRoqchari,
_c2006.
300 _a35 páginas. :
_c21x14 cm.
440 _aRiqchari.
_nN°1, enero 2006.
_947875
505 _aContenido: La función de la historia en un mundo posmoderno. -- La coca y la extirpación de idolatrías. -- Las dotes matrimoniales en el Cusco. -- Las rondas campesinas de Ocongate. -- Quien tiene de Inga no tiene de mandinga. -- El sentido ambiguo de la libertad en la historia. -- La importancia del cooperativismo. -- Análisis de la educación peruana. -- La televisión lamentablemente vale por mil palabras.
650 _aHistoria
_947876
650 _aCiencias Sociales
_91096
700 _aBeraún Beraún, Emil
_947877
942 _2ddc
_cPP
945 _arac